000
00222nam a22000857a 4500
008
170624b xxu||||| |||| 00| 0 eng d
100
_9
3668
_a
Nehru. J
245
_a
Letter from a father to his daughter
260
_a
New Delhi
_c
2004
999
_c
7083
_d
7083